LEADER 03320nam 22006732 450 001 9910450639103321 005 20151005020621.0 010 $a1-107-11405-5 010 $a9786612388972 010 $a1-282-38897-5 010 $a0-511-64277-6 010 $a1-139-16415-5 010 $a0-511-15306-6 010 $a0-511-55589-X 010 $a0-511-05412-2 035 $a(CKB)1000000000004190 035 $a(EBL)164757 035 $a(OCoLC)614723425 035 $a(SSID)ssj0000182831 035 $a(PQKBManifestationID)11166905 035 $a(PQKBTitleCode)TC0000182831 035 $a(PQKBWorkID)10172072 035 $a(PQKB)11003404 035 $a(UkCbUP)CR9781139164153 035 $a(MiAaPQ)EBC164757 035 $a(Au-PeEL)EBL164757 035 $a(CaPaEBR)ebr10064623 035 $a(CaONFJC)MIL238897 035 $a(EXLCZ)991000000000004190 100 $a20111007d2000|||| uy| 0 101 0 $aeng 135 $aur||||||||||| 181 $ctxt$2rdacontent 182 $cc$2rdamedia 183 $acr$2rdacarrier 200 13$aAn introduction to pidgin and creoles /$fJohn Holm$b[electronic resource] 210 1$aCambridge :$cCambridge University Press,$d2000. 215 $a1 online resource (xxi, 282 pages) $cdigital, PDF file(s) 225 1 $aCambridge textbooks in linguistics 300 $aTitle from publisher's bibliographic system (viewed on 05 Oct 2015). 311 $a0-521-58581-3 311 $a0-521-58460-4 320 $aIncludes bibliographical references (p. 241-266) and index. 327 $aCover; Half-title; Series-title; Title; Copyright; CONTENTS; PREFACE; TABLES; ABBREVIATIONS AND SYMBOLS; Dedication; 1 Introduction; 2 The development of theory; 3 Social factors; 4 Lexicosemantics; 5 Phonology; 6 Syntax; 7 Conclusions; REFERENCES; INDEX 330 $aThis textbook is a clear and concise introduction to the study of how new languages come into being. Starting with an overview of the field's basic concepts, it surveys the new languages that developed as a result of the European expansion to the Americas, Africa, Asia and the Pacific. Long misunderstood as 'bad' versions of European languages, today such varieties as Jamaican Creole English, Haitian Creole French and New Guinea Pidgin are recognized as distinct languages in their own right. John Holm examines the structure of these pidgins and creoles, the social history of their speakers, and the theories put forward to explain how their vocabularies, sound systems and grammars evolved. His new findings on structural typology, including non-Atlantic creoles, permit a wide-ranging assessment of the nature of restructured languages worldwide. This much-needed book will be welcomed by students and researchers in linguistics, sociolinguistics, western European languages, anthropology and sociology. 410 0$aCambridge textbooks in linguistics. 517 3 $aAn Introduction to Pidgins & Creoles 606 $aCreole dialects 606 $aPidgin languages 615 0$aCreole dialects. 615 0$aPidgin languages. 676 $a417/.22 700 $aHolm$b John A.$0156718 801 0$bUkCbUP 801 1$bUkCbUP 906 $aBOOK 912 $a9910450639103321 996 $aAn introduction to pidgin and creoles$92474527 997 $aUNINA LEADER 03722nam 22007094a 450 001 9910451937703321 005 20200520144314.0 010 $a0-231-50855-7 024 7 $a10.7312/bran13390 035 $a(CKB)1000000000475550 035 $a(EBL)909046 035 $a(OCoLC)608417400 035 $a(SSID)ssj0000107397 035 $a(PQKBManifestationID)11984974 035 $a(PQKBTitleCode)TC0000107397 035 $a(PQKBWorkID)10012432 035 $a(PQKB)11097040 035 $a(MiAaPQ)EBC909046 035 $a(DE-B1597)458676 035 $a(OCoLC)1013953928 035 $a(OCoLC)1037966909 035 $a(OCoLC)1041973078 035 $a(OCoLC)1046606832 035 $a(OCoLC)1047000058 035 $a(OCoLC)1049616404 035 $a(OCoLC)1054868724 035 $a(OCoLC)979576996 035 $a(DE-B1597)9780231508551 035 $a(Au-PeEL)EBL909046 035 $a(CaPaEBR)ebr10177999 035 $a(CaONFJC)MIL814389 035 $a(EXLCZ)991000000000475550 100 $a20060829d2007 uy 0 101 0 $aeng 135 $aur|n|---||||| 181 $ctxt 182 $cc 183 $acr 200 10$aAttachment and dynamic practice$b[electronic resource] $ean integrative guide for social workers and other clinicians /$fJerrold R. Brandell and Shoshana Ringel 210 $aNew York $cColumbia University Press$dc2007 215 $a1 online resource (389 p.) 300 $aDescription based upon print version of record. 311 $a0-231-13391-X 311 $a0-231-13390-1 320 $aIncludes bibliographical references (p. [189]-202) and index. 327 $aBeginnings : early conceptions of the mother-infant relationship -- Bowlby's theory of attachment -- Contemporary psychoanalytic perspectives on attachment -- Research on attachment -- Children -- Adolescents -- Adults. 330 $aContemporary attachment theory both enriches our understanding of human development and informs clinical practice. Examining the relational bonds between young children and their caregivers, it traces its origins to several scientific and social fields, most notably psychoanalysis, social work, behaviorism, ethology, evolutionary theory, and biology.The first portion of this book examines attachment theory and its relationship to other psychodynamic theories of development and then discusses the landmark contributions of John Bowlby, the "father" of modern attachment theory. The section concludes with a detailed summary of research on attachment, highlighting the work of Mary Ainsworth, Mary Main, Allan Sroufe, and Peter Fonagy. The second portion focuses on clinical applications with children, adolescents, and adults. Brief vignettes and lengthier case illustrations consider a verity of attachment disorders and treatment approaches, paying special attention to clinical method and technique, process dimensions, and transference and countertransference phenomena. Cases are set in a range of treatment venues, such as college and family counseling service, community mental health centers, and private practice, and involve an ethnoculturally and clinically diverse clientele. 606 $aAttachment behavior in children 606 $aAttachment behavior in children$vCross-cultural studies 608 $aElectronic books. 615 0$aAttachment behavior in children. 615 0$aAttachment behavior in children 676 $a155.4/18 700 $aBrandell$b Jerrold R$01030515 701 $aRingel$b Shoshana$01030514 801 0$bMiAaPQ 801 1$bMiAaPQ 801 2$bMiAaPQ 906 $aBOOK 912 $a9910451937703321 996 $aAttachment and dynamic practice$92448945 997 $aUNINA